[Event "EU-Cup 19th"]
[Site "Rethymno"]
[Date "2003.09.30"]
[Round "3.3"]
[White "Macieja, Bartlomiej"]
[Black "Bauer, Christian"]
[Result "1-0"]
[WhiteElo "2627"]
[BlackElo "2589"]
[Annotator "Lukacs,P"]
[PlyCount "121"]
[EventDate "2003.09.28"]
[EventType "team-swiss"]
[EventRounds "7"]
[EventCountry "GRE"]
[SourceTitle "CBM 098"]
[Source "ChessBase"]
[SourceDate "2004.02.03"]
[SourceVersion "1"]
[SourceVersionDate "2004.02.03"]
[SourceQuality "1"]
[WhiteTeam "Warsaw Polonia"]
[BlackTeam "Clichy Echecs 92"]
[WhiteTeamCountry "POL"]
[BlackTeamCountry "FRA"]

1. e4 e5 2. Nf3 Nc6 3. Bc4 Nf6 4. d3 Be7 5. O-O O-O 6. Re1 d6 7. a4 Kh8 {
/\ Ng8, f5} (7... Nd4 8. Nxd4 exd4 9. Nd2 $1 {- Macieja-Ivanchuk, FIDE World
Cup-A 2002 CBM 92}) (7... Bg4 {- Fedorov-Potapov, RUS-chT 9th Ekaterinburg
2002 CBM 90}) (7... Be6 {- Mainka-Nenashev, Recklinhausser Schachtage 1998 CBM
67}) (7... h6 {/\ Nh7-Ng5 or Kh8, f5} 8. a5 {White wants to gain more space on
the <<, although it is hard to force a breakthrough there.} (8. Nbd2 Nh7 (8...
Bg4 {In this P structure this pin is useless.} 9. h3 Bh5 10. a5 {/\ a6} Nd4 11.
g4 Nxf3+ 12. Qxf3 Bg6 {The B is out of play here.} 13. a6 bxa6 14. Rxa6 $14 {
Karavaev-Yemelin, RUS-Team Smolensk 2000}) 9. c3 (9. Nf1 Ng5 10. Ne3 Nxf3+ 11.
Qxf3 Bg5 {This is the main idea, Black wants to exchange his passive B.} 12. c3
Kh8 13. Nf5 Bxc1 14. Raxc1 Qf6 15. Bd5 Be6 $11 {Bitman-Yandemirov, RUS Cup
Kstovo 1997}) 9... Bg5 10. Nxg5 Nxg5 (10... Qxg5 11. Nf1 $14 {^^}) 11. Nf1 Nh7
12. a5 a6 13. Ng3 Nf6 {Black has lost a lot of tempi in order to exchange his
passive B, and gave up the ^^.} 14. Qf3 $14 {Bellini-Acs, Hotel Agro, 1999 CBM
73}) (8. c3 Kh8 (8... Nh7 9. Be3 $5 (9. d4 Ng5 {Now Black can insert some
pressure on >< d4.} 10. Nxg5 Bxg5 11. dxe5 Nxe5 $11 {- Eismont-Yandemirov,
Russian Club Cup 1998 CBM 66}) 9... Kh8 10. a5 a6 {is the regular answer.} (
10... f5 {looks a bit premature:} 11. exf5 Bxf5 12. a6 b6 13. Bd5 Qe8 14. d4
Rd8 15. Nbd2 Nb8 16. dxe5 dxe5 17. Bb7 $14 {Bosboom-Romanishin, Tilburg 1993}))
9. a5 a6 {- 8.a5}) 8... a6 9. c3 (9. Nbd2 Nh7 (9... Be6 10. c3 Nh7 11. Nf1 Bxc4
12. dxc4 {This P structure is somewhat better for White because of the
pressure on >< d5.} Ng5 13. Bxg5 Bxg5 14. Qb3 Rb8 15. Nxg5 Qxg5 16. Ne3 $14 {
Barua-Gokhale, Goodricke 12th op 2001}) 10. Nf1 Ng5 11. Ne3 Be6 12. Bxe6 fxe6 {
This P structure is quite playable for Black.} 13. Nxg5 Bxg5 14. c3 Rb8 15. Qh5
{1/2:1/2 Anisimov-Yemelin, St.Petersburg-ch 2002}) 9... Nh7 {-
Tkachiev-Fressinet, Cap d'Agde 2002 CBM 92} (9... Kh8 10. Qb3 {This is another
benefit of a4-a5.} Qe8 {/\ Nh5, f5} 11. d4 Nh5 12. Nbd2 f5 13. dxe5 Nf4 $1 {
/\ Qg6} 14. exf5 (14. exd6 Qg6 15. g3 Bxd6 16. e5 Bc5 $44) 14... Bxf5 15. exd6
Qg6 16. g3 Bxd6 17. Nh4 Qh5 18. Bf1 Nd3 $44 {Sivokho-Yemelin, St.Petersburg-ch
2000})) 8. a5 (8. c3 Bg4 (8... Ng8) 9. h3 Bh5 10. Nbd2 {- Erenburg-Ganguly,
Wch U20 2002 CBM 91ext}) 8... a6 {otherwise a5-a6 is always hanging in the air.
} 9. c3 (9. Nc3 $5 Ng8 {/\ f5, which is the main idea of this variation.} (9...
Be6 10. Nd5) (9... Bg4 10. h3) 10. Nd5 f5 {- Bauer-Hauchard, France 2003 CBM 95
}) 9... Ng8 10. d4 {White has to react quickly in the [+].} (10. Qb3 f5 11.
exf5 Rxf5 12. Nbd2 Nf6 13. Be6 Bxe6 14. Qxe6 Qd7 15. Qxd7 Nxd7 16. d4 exd4 17.
Nxd4 Re5 $11 {Tkachiev-Fressinet, Cap d'Agde KO rapid 2002}) 10... f5 $1 {
This is Black's main weapon here.} (10... Bg4 {is not logical here, the pin is
not so important.} 11. d5 $1 (11. Be3 f5 12. exf5 exd4 13. cxd4 d5 14. Be2 Bxf5
15. Nc3 Nb4 16. Rc1 c6 17. Qa4 Nd3 18. Bxd3 Bxd3 19. Bd2 Bd6 $11 {Degraeve-Ch
Bauer, Antwerp 1998}) (11. dxe5 Nxe5 12. Be2 Bxf3 13. Bxf3 Bg5 $11 {
Vratonjic-Nestorovic, Nis 1994}) 11... Nb8 12. Bd3 $1 {Macieja} (12. Nbd2 $6
Bg5 13. h3 (13. Qb3 $2 Bxf3 14. Nxf3 Bxc1 15. Raxc1 Nd7 $1 16. Bf1 $11 (16.
Qxb7 $2 Rb8 17. Qc6 Rxb2 $1 18. Qa4 Ngf6 19. Qa3 Qb8 $15 {Macieja-Johannessen,
Bermuda-A 2002 84/268})) (13. Bd3 Nd7 14. b4) 13... Bxf3 14. Nxf3 Bxc1 15. Rxc1
Nd7 16. b4 Ne7 $13 {Sermek-Mitkov, Pula zt 2000}) 12... Nd7 13. b4 $14 {
and White grabs the |^ on the <<, while Black's play on the >> looks rather
slow.}) (10... exd4 {- Hossain-Ehlvest, Dhaka 1999 CBM 70}) (10... Bf6 {
blocks the f P.} 11. h3 g6 12. Be3 Bg7 13. Qb3 Qe7 14. Nbd2 Nd8 15. Qa2 Be6 16.
b4 Bxc4 17. Nxc4 $14 {Kayumov-Coleman, ADCF Masters 2003}) 11. dxe5 fxe4 $1 (
11... Nxe5 12. Nxe5 dxe5 13. Qxd8 Rxd8 14. exf5 Bxf5 15. Nd2 {and Black has
problems with his isolated P on e5.} Bf6 16. Nb3 (16. Ne4 $2 Bxe4 17. Rxe4 Rd1+
18. Bf1 Bg5 $15) (16. Nf3 Rd7 17. Ng5 h6 18. Be6 (18. Ne6) 18... Bxg5 19. Bxf5
Bxc1 20. Raxc1 $14) 16... Ne7 (16... Bd3 17. Bxd3 Rxd3 18. Nc5 Rd5 19. Be3 $16
{Pyhala,A-Koskinen,H/FIN 1992}) 17. Nc5 Rab8 $14) 12. Rxe4 Bf5 13. Re1 Nxe5 14.
Nxe5 dxe5 15. Qe2 (15. Be3 Nf6 (15... Qe8 $6 16. Nd2 Nf6 17. Qb3 Bd6 18. Nf1
Qg6 $13 {Vlassov-G.Kuzmin, St Petersburg 1995}) (15... Qxd1 16. Rxd1 Nf6 17.
Nd2 (17. h3 Rad8 $11) 17... Ng4 $11) 16. Nd2 Ng4 $132) 15... Nf6 $1 {This is
the correct strategy. Black doesn't want to defend his weak isolated P
passively, but sacrificing it he gets a good piece play.} 16. Qxe5 (16. Bg5 $5
Ne4 17. Bxe7 Qxe7 18. Bd5 Nxf2 19. Qxf2 Bxb1 20. Qe3 $14) 16... Ne4 $2 {
This is based on a miscalculation.} (16... Qd7 $1 {/\ Rae8 finishing the
development gave sufficient counterplay for the P in view of the undeveloped
white pieces.} 17. Bf4 Rae8 (17... Bd6 18. Qd4 Bxf4 19. Qxf4 $14) 18. Nd2 Ba3
$1 19. Qxc7 Qxc7 20. Bxc7 Bxb2 $11) 17. Bh6 $1 {Now White can liquidate to a
somewhat better _|_.} Rf6 18. Bg5 $1 (18. Be3 Bd6 19. Qd5 (19. Qd4 Qe8) 19...
c6 20. Qd1 Qc7 $14) 18... Nxg5 19. Qxe7 Rg6 20. Qxd8+ (20. Qe3 $14) 20... Rxd8
21. Kf1 h5 ({Immediately} 21... Nf3 $1 {was more precise:} 22. gxf3 Bh3+ 23.
Ke2 Rgd6 $1 24. Bf7 R6d7 25. Ra4 Rxf7 26. Nd2 Rfd7 27. Ne4 Bf5 $14 {and Black
has excellent drawing chances.}) 22. h4 Nf3 23. gxf3 Bh3+ 24. Ke2 Re8+ (24...
Rgd6 $2 25. Bf7 R6d7 26. Bg6 $18 {Here is the difference!}) 25. Kd1 Rd6+ 26.
Nd2 Red8 27. Kc1 (27. Re2 $2 Bf1 $11) 27... Rxd2 28. Re8+ Kh7 (28... Rxe8 29.
Kxd2 Bg2 30. Re1 Rxe1 31. Kxe1 Bxf3 32. Kd2 g6 33. Ke3 Bc6 34. Kf4 $16) 29.
Rxd8 Rxd8 30. Ra4 {White brings the R on the 4-th rank. Black's main problem
is that many of his pawns are on the colour of the B.} Kg6 31. Rb4 Bc8 32. f4
$2 {White creates weaknesses in his own camp.} (32. Bb3 $1 $16 {was the best.})
32... Kf6 (32... Kf5 33. Be2 c6 34. Bf3 $16) 33. Be2 Rd5 (33... g6 34. Bf3 c6
35. Be4 $16) 34. Bf3 Rxa5 35. Bxb7 Ra1+ 36. Kd2 a5 37. Rb5 Bxb7 $6 {In most of
the cases liquidating to a R _|_ gives good chances for the defender.} ({
Here however keeping the active B by} 37... Bf5 $1 {was the persistant defence.
}) 38. Rxb7 Rh1 $2 (38... Rb1 $14 {looked more precise and the white K cannot
come quickly to the [+].}) 39. Rxc7 Rxh4 40. Ke3 Rh3+ 41. Ke4 Rh1 42. Rc6+ Kf7
43. Ra6 Rb1 (43... Ra1 {was again more persistant.}) 44. Rxa5 Rxb2 45. Rxh5 $18
Rxf2 46. Re5 {and the K is cut off the c o^.} Kf6 47. c4 Re2+ 48. Kd4 Rd2+ 49.
Ke3 Rd1 50. Rd5 Rc1 51. Kd3 g6 52. Rd4 {defending all the pawns and cutting
off the enemy K. The white K gets a free hand now.} Ke6 53. Kd2 Rg1 54. c5 Ra1
55. Kc3 Ke7 56. Kb4 Rb1+ 57. Ka5 Rc1 58. Kb6 Rc2 59. c6 Rc1 60. c7 Rb1+ 61. Kc5
1-0

[Event "ROM-ch"]
[Site "Iasi"]
[Date "1999.12.22"]
[Round "10"]
[White "Nevednichy, Vladislav"]
[Black "Negulescu, Adrian"]
[Result "1-0"]
[WhiteElo "2537"]
[BlackElo "2440"]
[Annotator "Lukacs,P"]
[PlyCount "87"]
[EventDate "1999.12.13"]
[EventType "tourn"]
[EventRounds "15"]
[EventCountry "ROU"]
[EventCategory "9"]
[SourceTitle "CBM 075"]
[Source "ChessBase"]
[SourceDate "2000.04.05"]
[SourceVersion "1"]
[SourceVersionDate "2000.04.05"]
[SourceQuality "1"]

1. e4 e5 2. Nf3 Nc6 3. Bc4 Be7 4. O-O Nf6 5. d3 O-O 6. Bb3 d6 7. c3 Na5 8. Bc2
c5 9. Re1 Nc6 {The position resembles to the quiet d3 Ruy Lopez system without
a6 and b5.} 10. Nbd2 (10. h3 {This is a typical preparatory move in the Ruy
Lopez.} Qc7 $142 {against d4.} (10... h6 $6 {forgets about White's real threat.
} 11. d4 {White has to grab the |^ in the [+]. Here we see the idea of 10.h3,
there is no threat of Bg4.} cxd4 12. cxd4 b6 (12... Qb6 13. d5 Nb4 14. Ba4 Qa6
15. Re3 {defending >< d3.} b5 16. Bb3 {Now the has to retire.} Qb7 17. a3 Na6
18. Bc2 {/\ b4 killing the N on a6.} b4 {weakening the light squares, but
forced from strategical point of view.} 19. Nbd2 Bd7 20. Nf1 (20. Nb3 $5 {
Perhaps the N belongs to the <<.}) 20... Rac8 21. Bd2 Bd8 22. Ng3 Bb6 23. Re2
bxa3 24. bxa3 $14 {Kudrin-Finegold, Lloyds Bank op 1988}) 13. Nc3 Bb7 14. d5
Nb4 15. Bb1 {Now the position is similar to the Ruy Lopez Panov Attack.} Qd7
16. a3 Na6 17. b4 {Black's bishops and the a6 N are poorly placed.} Rfc8 18.
Bd2 Nc7 19. Bd3 (19. a4 $5 $14) 19... Ba6 20. Bxa6 Nxa6 21. Qe2 Qb7 22. Rec1
Nc7 $14 {Yudasin-Piket, ISR-NLD m rapid 1995}) (10... Re8 {prepares against
the push d4.} 11. Nbd2 Bf8 12. Nf1 h6 13. d4 Qc7 (13... exd4 14. cxd4 cxd4 15.
Nxd4 g6 {/\ Bg7}) 14. Ne3 $6 {The N is usually badly placed on e3 in the Ruy
Lopez.} (14. d5 Ne7 $13) 14... exd4 15. cxd4 Nxd4 16. Nxd4 cxd4 17. Qxd4 d5 $1
{This is the typical breakthrough in the [+].} 18. exd5 Rxe3 $1 $17 {
Miljanic-Lazic, JUG-ch Kladovo 1990}) 11. Nbd2 d5 (11... Be6 12. Bb3 h6 13. Nc4
Rad8 14. Qe2 Rfe8 15. Ne3 d5 {Black grabs the |^ in the [+].} 16. Nf1 {White
has made some sophisticated manoeuvres, while Black has strengthened his
position.} Bf8 17. Ba4 Bd6 18. Ng3 a6 19. Nh4 b5 20. Bc2 Bf8 21. Nhf5 Kh8 22.
Qf3 Ng8 $13 {Sax-Beliavsky, Sarajevo, 1982}) 12. Nf1 dxe4 (12... Rd8 {is met by
} 13. exd5 Nxd5 14. Qe2 {and White has some pressure against >< e5.} Bf6 (14...
f6 15. Ng3 Be6 {The B is undefended here, which helps for the push d4.} 16. Qe4
g6 (16... Qd7 17. d4 $1 f5 18. Qe2 e4 19. Nxe4 $1 $16) 17. Bh6 $36) 15. Ng3 $14
) 13. dxe4 Rd8 (13... Be6 14. Ne3 Rad8 15. Qe2 h6 16. Nf5) 14. Qe2 h6 15. Ne3 {
White's real target is >< d5 now.} (15. Ng3 Be6 16. Nh4 c4 17. Ngf5 Bf8 18. Qf3
Nh7 19. Qg4 Kh8 20. Re3 {White cannot attack only with pieces in this type of
position.} g6 21. Rg3 Nf6 22. Nxg6+ {Desperation, bur White has forced himself
into this situation.} fxg6 23. Qxg6 Qf7 $17 {Reyer-Von Buelow, Oberliga Nord
1998}) 15... Be6 16. Nh2 {/\ Nhg4} (16. Nf5 Bf8) 16... c4 17. Nhg4 Nxg4 18.
hxg4 (18. Nxg4 Rd7 $11) 18... Bg5 $5 (18... Bc5 $6 19. Nd5 $1 {opening up the /
^ for the "spanish" B.} (19. Nf5 f6) 19... Bxd5 20. exd5 Rxd5 21. g5 $1 (21.
Qe4 {immediately is parried by} Rad8 22. Qh7+ Kf8 23. g5 (23. Qh8+ Ke7 24. Qxg7
Qb6) 23... Qb6 $132) 21... hxg5 22. Qe4 $1 Qb6 23. Qh7+ Kf8 24. Qh8+ Ke7 25.
Bxg5+ Kd6 26. Qxa8 Bxf2+ 27. Kf1 Bxe1 28. Rxe1 $18) (18... Bf6 $5 19. Nf5 (19.
Nxc4 $6 {runs into} Nd4 20. cxd4 Bxc4 $15) (19. Nd5 $6 {is now inferior due to}
Bxd5 20. exd5 Ne7 $1) 19... b5 20. Qf3 Bg5 $11) 19. Nd5 $1 Bxd5 20. Bxg5 (20.
exd5 Rxd5 $1 (20... Bxc1 21. Raxc1 Rxd5 22. Qe4 $40) 21. Bxg5 hxg5 $13) 20...
hxg5 21. exd5 Rxd5 22. Qe4 {(Nikac-Bokan, JUG-chT Cetinje 1992)} Rd2 $1 23.
Qh7+ Kf8 24. Qh8+ Ke7 25. Qxa8 Qb6 26. Re3 Rd8 27. Qxd8+ Qxd8 28. Ba4 f6 $11) (
10. a3 b5 (10... a5 11. a4 $1) 11. h3 Qc7 12. Nbd2 Be6 13. d4 cxd4 14. cxd4
exd4 15. Nb3 Bxb3 (15... d5 16. exd5 Bxd5 17. Nfxd4 Nxd4 18. Nxd4 Qb7 19. Nf5
$36) 16. Bxb3 Qb6 {Black can hold his P for a while, and White has
compensation for it, but not more than that.} 17. Bf4 Nd7 (17... Rac8 18. Bd5 (
18. Rc1 Rfe8 19. Ng5 (19. Bd5 a6 $11) 19... Rf8 $11) 18... Rfe8 19. Bxc6 Rxc6
$11) 18. Bd5 $44 {Gomez Baillo-Morovic, Santiago zt 1989}) 10... Bg4 $6 {
In a d3 system this pinning move is not strong enough.} (10... Be6 11. Nf1 (11.
Ng5 Bg4 $13)) (10... Re8 $11) 11. h3 (11. Nf1 d5 12. exd5 (12. Ne3 Bh5) 12...
Qxd5 13. Ne3 Bxf3 14. Nxd5 Bxd1 15. Nxe7+ Nxe7 16. Bxd1 $14 {^^}) 11... Bh5 {
The B is out of play on this /^.} (11... Be6 {loses a tempo.}) (11... Bxf3 12.
Qxf3 {gives up the ^^.}) 12. Nf1 (12. g4 Bg6 13. Nh4 $14 {and the B is dead on
g6.}) 12... Ne8 {This is a passive plan, but the idea is to get rid of the bad
dark-squared B.} (12... d5 13. g4 $5 (13. Ng3) 13... dxe4 14. dxe4 Bg6 (14...
Qxd1 15. Rxd1 Bg6 16. Ng3 Rfd8 17. Be3 $14) 15. Qe2 Qc7 16. Ng3 {>< f5.}) 13.
g4 {White doesn't want to allow the exchanges with a space advantage like that.
} (13. Ng3 Bxf3 14. Qxf3 Bg5 {This is the main idea.} 15. Bb3 $14) 13... Bg6
14. Ng3 d5 (14... Nc7 {/\ Ne6 fighting for the dark squares deserved attention.
}) 15. Bb3 {Now White activates his passive B on the a2-g8 /^.} d4 (15... Nc7
$2 16. exd5 Nxd5 17. Nxe5 Nxe5 18. Rxe5 $18) (15... dxe4 16. dxe4 $14) 16. Bd5
{Suddenly the B became very powerful.} Bd6 (16... Qc7 17. Bxc6 bxc6 {
corrupting the P structure.} 18. Nf5 $16) 17. h4 h6 18. h5 Bh7 19. g5 {I am
not sure about this attacking plan, because it gives counterchances for Black.}
hxg5 20. Nxg5 Nf6 21. Nxh7 {Taking the awful B is not a strategical
achievement.} Kxh7 (21... Nxh7 22. Nf5 $16) 22. Bg5 Be7 23. Bxf6 {giving up
the ^^ is not necessary again.} Bxf6 24. Qf3 Kh8 $6 (24... Ne7 $1 {was the
good defence, for example:} 25. Nf5 Bg5 (25... Nxd5 26. exd5 Rh8) 26. Bxb7 Rb8)
25. Bxc6 bxc6 26. cxd4 (26. Nf5 Rb8 27. Rab1 Bg5) 26... cxd4 (26... Qxd4 27. h6
$1) 27. Rac1 {Suddenly the << becomes weak!} Rc8 28. Rc5 (28. b4 a5 $1) (28.
Rc2 Bg5 {controlling c1 and the other R cannot invade the c <->.}) 28... Qd6 (
28... Qb6 $6 29. Rec1 Qxb2 30. h6 Qd2 31. hxg7+ Bxg7 32. Qh5+ Qh6 33. Rxe5 $1
$16) 29. Rec1 Bg5 30. R1c2 Bf4 31. Nf5 Qf6 32. Qg4 g6 $2 {This founders on a
tactical motif.} (32... Rg8 {would have minimized the demage.} 33. Kh1 $14) 33.
hxg6 fxg6 {[#]} (33... Qxg6 34. Qxg6 fxg6 35. Ne7 $18) 34. Rxc6 $1 $18 {
[%mdl 64]} Rxc6 (34... Qxc6 35. Qh3+ $1 Kg8 36. Ne7+ $18) 35. Rxc6 gxf5 (35...
Qg5 36. Qxg5 Bxg5 37. Rxg6 $18) (35... Qxc6 36. Qh3+ Kg8 37. Ne7+ $18) 36. Rxf6
Rxf6 37. exf5 Bh6 38. Qe4 Bg7 39. Qa8+ Kh7 40. Qxa7 Rxf5 41. Qb7 Rf4 42. a4 e4
43. dxe4 d3 44. Qd5 1-0

[Event "RUS-ch KO"]
[Site "Moscow"]
[Date "1999.12.18"]
[Round "2.3"]
[White "Beshukov, Sergei"]
[Black "Ibragimov, Ildar"]
[Result "0-1"]
[WhiteElo "2506"]
[BlackElo "2554"]
[Annotator "Lukacs,P"]
[PlyCount "90"]
[EventDate "1999.12.04"]
[EventType "k.o."]
[EventRounds "6"]
[EventCountry "RUS"]
[SourceTitle "CBM 075"]
[Source "ChessBase"]
[SourceDate "2000.04.05"]
[SourceVersion "1"]
[SourceVersionDate "2000.04.05"]
[SourceQuality "1"]

1. e4 e5 2. Nf3 Nc6 3. Bc4 Nf6 4. d3 h6 {Black wants to fianchetto his
dark-squared B, but first he has to defend against Ng5. The idea is that in
case of 4...Be7 Black will play Re8 Bf8 and sometimes g6 and Bg7, so why not
doing this without losing a couple of tempi?} (4... Bc5 {or}) (4... Be7 {
are the two main lines.}) 5. O-O d6 6. Nc3 {This is a bit slow, White has no
immediate threats in the [+].} (6. c3 {/\ d4 is the main line to grab the |^
in the [+].}) 6... g6 7. h3 Bg7 8. a4 {Securing the a2-g8 /^ for the B.} (8.
Be3 Na5 {Now the B cannot escape.} (8... O-O) 9. Bb5+ c6 10. Ba4 b5 11. Bb3 O-O
12. Qd2 Kh7 13. Nh2 Nh5 $5 {is against f2-f4.} (13... Ng8 {is a bit passive.}
14. f4 exf4 15. Rxf4 Nxb3 16. axb3 a6 17. Raf1 f5 18. exf5 Rxf5 19. Ne2 Qe7 20.
Bd4 Rxf4 (20... Bd7 $6 21. Bxg7 Qxg7 22. Nd4 Rff8 23. Qf2 Rxf4 24. Qxf4 {
The occupation of the f <-> is very important, as we will see it later.} c5 25.
Ndf3 Qe7 26. Qf7+ $3 $16 {A bold from the blue! White liquidates for a better
_|_, Klinova-Yudasina, ISR-ch 1994.}) 21. Rxf4 (21. Qxf4 Qxe2 22. Qf7 Qe7 23.
Bxg7 Bf5 24. Qxe7 Nxe7 25. Bc3 Nd5 $11) 21... Nf6 $11) 14. Rae1 (14. f4 $6 {
loses the ^^ in a rather open position.} exf4 15. Bxf4 Nxb3 16. axb3 Nxf4 17.
Qxf4 f5 $15) (14. Ng4 $2 f5 $1 {/\ f4}) 14... Nxb3 15. axb3 Be6 $13) (8. a3 {
is the solid way to secure the important /^ for the B.} O-O 9. Be3 Be6 (9...
Qe7 10. Re1 Kh7 11. Qd2 Nd8 {This is a somewhat sophisticated plan.} 12. d4 c6
13. dxe5 {To give up the [+] was not necessary.} dxe5 14. Rad1 b5 15. Ba2 Nb7
16. Qe2 Nc5 17. Bxc5 Qxc5 18. Qd2 Ne8 19. Ne2 f5 $13 {Radosavljevic-Todorovic,
JUG-ch 1991}) 10. Qd2 Kh7 11. Rae1 {It is not easy for White to open up the
position.} Bxc4 12. dxc4 Nd7 $11 {/\ f5}) 8... O-O 9. Re1 (9. Be3 Be6 10. Bxe6
{This exchange is not dangerous for Black, now he covers >< d5 and opens the f
<->.} (10. Qd2 Kh7) 10... fxe6 11. d4 exd4 12. Nxd4 Nxd4 13. Bxd4 e5 14. Be3
Qd7 15. Qd3 Kh7 $13 {Beshukov-Mulet, Katowicze op 1993}) 9... Kh7 (9... Be6 {
looks safe.}) 10. d4 {Soon or later White has to do something in the [+].} (10.
Be3 Be6) 10... exd4 11. Nxd4 Nxd4 12. Qxd4 Be6 (12... Ng4 $5 {was the other
real alternative.} 13. Qd1 Ne5 14. Bb3 (14. Bd5 c6 $11) 14... Be6 15. f4 (15.
Be3 Bxb3 16. cxb3 f5 $11) 15... Bxb3 16. cxb3 Nc6 $11) 13. Bxe6 fxe6 14. Qc4 (
14. Qd3 Nh5 $13) 14... d5 {Changing the P structure in the [+].} 15. Qb3 b6 (
15... d4 $5 {gives up some light squares, but grabs the |^ in the [+].} 16. Ne2
e5 (16... Nxe4 17. Nf4 Nc5 18. Qg3 Qf6 19. b4 e5 20. Nxg6 Qxg6 21. Qxg6+ Kxg6
22. bxc5 c6 $11) 17. f3 (17. Qxb7 $6 {is overoptimistic in a passive position.}
Qd6 18. Qb3 (18. f4 Rfb8 19. fxe5 Qxe5 20. Qc6 Qxe4 $36) 18... Nxe4 $15) 17...
Rb8 18. Bd2 c5 {Black has already some space advantage.} 19. Rad1 Qc7 20. Qc4
Nd7 $15 {and Black's << |^ becomes more and more real.}) 16. e5 $6 (16. exd5
exd5 17. Be3 c5 {gives also the P [+] for Black.}) 16... Nd7 17. f4 {Now
White's B becomes passive.} Qh4 {White has some problems with his development
as well.} 18. Rd1 {[#]} (18. Be3 Rxf4 $1 {and White's P [+] collapses.} 19.
Bxf4 Qxf4 20. Nb5 Bxe5 21. g3 Qf6 22. Rf1 Qg7 $17) 18... Nxe5 $1 $19 {[%mdl 64]
Now Black's -> against the undefended K will decide the battle.} (18... Rxf4 $5
{was the lesser evil for White:} 19. Bxf4 Qxf4 20. Rf1 Qe3+ (20... Qxe5 21.
Rae1) 21. Kh1 Nxe5 22. Nb5 $15) 19. Nb5 (19. fxe5 $2 Qf2+ 20. Kh1 Bxe5 $19 {
and the mate is inevitable.}) 19... Nc6 20. Nxc7 Nd4 21. Qd3 Rac8 22. c3 Nb3
23. Nxe6 Nxa1 24. Nxf8+ Rxf8 {and White cannot catch the N.} 25. Be3 (25. Qxd5
Re8 26. Kh2 Nc2 $19) 25... Nb3 (25... Qg3 26. Rxa1 Re8 $19) 26. Qxd5 Nc5 27. a5
Re8 28. Bxc5 bxc5 29. Qxc5 Qxf4 30. Qxa7 Re2 31. Rf1 Qe4 32. Rf2 Re1+ 33. Rf1
Rxf1+ 34. Kxf1 Qb1+ 35. Kf2 Qxb2+ 36. Kg3 Qxc3+ 37. Kh2 Qd4 38. Qxd4 Bxd4 39.
Kg3 Kg7 40. Kf4 Kf6 41. g4 Ba7 42. a6 g5+ 43. Ke4 Ke6 44. h4 Bg1 45. h5 Ba7 0-1